000 00232nam a22000977a 4500
008 170120b xxu||||| |||| 00| 0 eng d
041 _aeng
080 _21ST
_a618.2
245 _aNCLEX-RN/ CONTENT REVIEW GUIDE
_cKAPLAN
942 _2udc
_cBK
999 _c3329
_d3329